000 00327nam a2200145Ia 4500
008 230312s9999||||xx |||||||||||||| ||und||
020 _a9789699739866
082 _a891.4
_bELI-N
100 _aایلف شفق
245 0 _aناموس
260 _bJamhori
_apak
_c2014
300 _a359
650 _aLiterature
942 _cBK
999 _c14949
_d14949